000
00266nam a2200121 a 4500
001
4144
005
20140414132022.0
008
090317s19uu xx 00 eng d
050
_a
TR
_b
F21 2005
100
_a
OConnor, Jane
245
_a
Fancy Nancy.
999
_c
113500
_d
113500